Héraldique : le jeu des blasons - Statistiques

Statistiques générales
  • Ce quiz a été pris 683 fois
  • Le résultat moyen est 12 sur 15
Statistiques - réponses
Question Réponse % Correct
D'or à trois peignes à chevaux de gueule.
99%
De gueules à une crosse épiscopale, le crosseron contourné, posée en bande et brochant sur une épée de justice, posée en barre la pointe en bas, le tout d'argent.
97%
De gueules à trois lions couronnés d'or, les deux du chef adossés.
93%
De gueules au lion d'argent, la queue fourchée et passée en sautoir, armé, lampassé et couronné d'or.
88%
De gueules à la tour d’argent ouverte, crénelée d’une pièce et de deux demies, à la herse levée du même, percée de deux meurtrières, maçonnées de sable, au chef cousu d’azur chargé de trois fleurs de lis d’or rangées.
88%
D'argent à la bande de gueules accompagnée de six merlettes du même, rangées en orle.
86%
De sinople au Saint Michel tenant de la main dextre une épée et de la main senestre une balance et terrassant le dragon, le tout d'argent.
85%
Parti de gueules et d’azur, et brochant sur la partition, la Sainte Vierge avec l’enfant Jésus de carnation, vêtus d’or et ceints d’une couronne à trois fleurons du même, la Vierge tenant de sa dextre un sceptre fleurdelisé aussi d’or.
85%
D'or à l'aigle de sable lampassée et armée de gueules, à une cotice de gueules brochant sur le tout.
84%
De gueules à un perron surmonté d’une croix, le tout d’or, au chef du même, chargé d’une aigle issante de sable.
84%
Écartelé : au 1er de sinople à la chapelle de Sainte-Agathe du lieu, d'argent, au 3e du même à la bande de sinople chargée de trois besants du champ, aux 2e et 4e du même et de sinople, au lion brochant de l'un dans l'autre.
77%
De vair plain.
76%
Écartelé : au 1, de sable au chevron d'or, chargé de trois fleurs de lis d'azur, accompagné en chef de deux têtes de lion, arrachées et affrontées d'or, lampassées de gueules, et en pointe d'une tête de léopard d'or, tenant en sa gueule un anneau de sable ; au 2, d'or à la croix de gueules, cantonnée de quatre lionceaux du même, armés et lampassés d'azur ; au 3, de sable à deux quintefeuilles d'argent, une en chef à senestre et l'autre en pointe, au franc-canton d'or, chargé d'un double roc de gueules ; au 4, d'or à la fasce bretessée et contre-bretessée de sable ; sur le tout, d'argent à la croix de gueules.
67%
De gueules à la fasce d'argent.
66%
D'azur à un Saint Jean d'or.
19%
Aucun quiz correspondant
Distribution des résultats
% des personnes avec chaque résultat
Percentile par nombre de réponses
Votre historique - résultats
Vous n’avez pas pris ce quiz